Visualizzazione normale
Vista MARC
- Prandini R., Solmi E., Giuliodori C., Bonetti R., Sigalini D
di Personal Name
Records bibliografici associati: 1
001 - CONTROL NUMBER
- control field: 63237
003 - CONTROL NUMBER IDENTIFIER
- control field:
005 - DATE AND TIME OF LATEST TRANSACTION
- control field: 20260128100624.0
008 - FIXED-LENGTH DATA ELEMENTS
- fixed length control field: 260128|| aca||aabn | a|a d
040 ## - CATALOGING SOURCE
- Original cataloging agency:
- Transcribing agency:
100 ## - HEADING--PERSONAL NAME
- Personal name: Prandini R., Solmi E., Giuliodori C., Bonetti R., Sigalini D
670 ## - SOURCE DATA FOUND
- Source citation: Work cat.: ()206643: Sigalini Domenico, Bonetti Renzo (a cura di) 63236, Atti del seminario di studio "Giovani e famiglia", 1996